LEADER 02207nas a2200397 i 4500 001 991002655109707536 005 20231114120605.0 008 011205m19999999us qr | |eng 022 $a1520-3972 035 $ab11689559-39ule_inst 035 $aPERLE004711$9ExL 080 $aCDU 90 229 0$aJournal of cold war studies 245 00$aJournal of cold war studies. - 1999- 260 $aCambridge :$bMIT,$c1999- 310 $aTrimestrale 362 $aVol. 1, n. 1 (1999)- 591 $aCodice CNR: E 00000346 592 $aLE023 1999-2013; lac.: 2004; 856 4 $uhttp://www.mitpressjournals.org/loi/jcws$zE-journal (Publisher Site) 907 $a.b11689559$b07-04-22$c08-07-02 912 $a991002655109707536 945 $aLE023 Per. 900 JCW $g1$lle023$nLE009 PER. STOR. 510$op$pE0.00$q-$rn$so $t18$u0$v0$w0$x0$y.i11919668$z08-07-02 945 $aLE023$cA.2005,V.7$g1$lle023$nLE009 PER.STOR.510$on$pE176.89$q-$rl$s- $t18$u0$v0$w0$x0$y.i14074837$z23-05-05 945 $aLE023$cA.2004,V.5$g1$lle023$nLE009 PER.STOR.510$on$pE176.89$q-$rl$s- $t18$u0$v0$w0$x0$y.i14078090$z27-05-05 945 $aLE023$cA.2006,V.8$g1$lle023$nLE009 PER.STOR.510$on$pE214.82$q-$rl$s- $t18$u0$v0$w0$x0$y.i1419594x$z21-02-06 945 $aLE023$cA. 2007$g1$lle023$nLE009 PER.STOR. 510$on$pE214.82$q-$rl$s- $t18$u0$v0$w0$x0$y.i14414338$z30-03-07 945 $aLE023$cv. 10 (2008)$g1$lle023$nLE009 PER.STOR.510$on$pE214.82$q-$rn$so $t18$u0$v0$w0$x0$y.i14710948$z04-04-08 945 $aLE023$cv. 11, 1-4 (2009)$g1$lle023$nLE009 PER.STOR. 510$on$pE241.84$q-$rn$so $t18$u0$v0$w0$x0$y.i14950248$z06-04-09 945 $aLE023$cv. 12, 1-4 (2010)$g1$lle023$on$pE241.84$q-$rn$so $t18$u0$v0$w0$x0$y.i1512325x$z05-05-10 945 $aLE023$cv. 13, n. 1-4 (2011)$g1$lle023$on$pE244.70$q-$rn$so $t18$u0$v0$w0$x0$y.i15268305$z17-05-11 945 $aLE023$cv. 14, n. 1-4 (2012)$g1$lle023$on$pE256.26$q-$rn$so $t18$u0$v0$w0$x0$y.i15409314$z15-05-12 945 $aLE023$cv. 15, n. 1-4 (2013)$g1$lle023$on$pE376.49$rn$so $t18$u0$v0$w0$x0$y.i15628772$z31-07-14 996 $aJournal of cold war studies. - 1999-$93591524 997 $aUNISALENTO 998 $ale023$b01-01-01$cs$da $e-$feng$gus $h0$i1